| 000 | 00405nam a2200133Ia 4500 | ||
|---|---|---|---|
| 008 | 231129s1983||||xx |||||||||||||| ||spa|| | ||
| 040 | _bspa | ||
| 082 | _a808.86 V144e | ||
| 100 | _aValderrama Andrade Carlos | ||
| 245 | 0 | _aEpistolario del Beato Ezequiel Moreno y otros Agustinos Recoletos con Miguel Antonio Caro y su familia | |
| 260 | _c1983 | ||
| 264 | _aInstituto Caro y Cuervo | ||
| 942 |
_2ddc _cBKS |
||
| 999 |
_c13260 _d13260 |
||